Hospodárska politika v procese stabilizácie cyklického vývoja ekonomiky

Poňatie hospodárskej politiky. Postavenie a úloha riadiacich orgánov štátu. Podmienky úspešnej realizácie hospodárskej politiky. Možnosti hospodárskej politiky pre ovplyvňovanie cyklického vývoja ekonomiky.

Guardado en:
Detalles Bibliográficos
Autor principal: Blašková, Mária
Formato: Capítulo de libro
Lenguaje:eslovaco
Materias:
Etiquetas: Agregar Etiqueta
Sin Etiquetas, Sea el primero en etiquetar este registro!

MARC

LEADER 00000nla$a2200000$$$4500
001 0105710
005 20240502072156.5
041 0 |a slo 
044 |a SK 
245 1 0 |a Hospodárska politika v procese stabilizácie cyklického vývoja ekonomiky  |c Mária Blašková 
520 |a Poňatie hospodárskej politiky. Postavenie a úloha riadiacich orgánov štátu. Podmienky úspešnej realizácie hospodárskej politiky. Možnosti hospodárskej politiky pre ovplyvňovanie cyklického vývoja ekonomiky. 
610 2 0 |a politika hospodárska 
610 2 0 |a rast hospodársky 
610 2 0 |a štát 
610 2 0 |a orgány štátne 
610 2 0 |a vývoj 
610 2 0 |a kríza hospodárska 
100 1 |a Blašková, Mária